| 000 | 00775nam a2200265Ia 4500 | ||
|---|---|---|---|
| 003 | OSt | ||
| 005 | 20221005050443.0 | ||
| 006 | a|||||r|||| 00| 0 | ||
| 007 | ta | ||
| 008 | 221004b |||||||| |||| 00| 0 urd d | ||
| 020 | _c300 | ||
| 024 | _a22359 | ||
| 037 |
_b43535, 13/03/2015, Segment Book Distributors _cTextual |
||
| 040 |
_aCRL _cCRL _burd |
||
| 041 |
_2urd _aurd |
||
| 082 | _aO168,3F48,TA, Q0 | ||
| 100 |
_aLeem Heer Lid _9594766 |
||
| 245 | 0 | _aUmer Khayyam | |
| 260 |
_aLahore _bAl- Hamd Pakistan _c2010 |
||
| 300 |
_a360p. _ccm. |
||
| 650 |
_a URDU FICTION _93298 |
||
| 650 | _aURDU LITERATURE | ||
| 942 |
_hO168,3F48,TA, Q0 _cTEXL _2cc |
||
| 999 |
_c957071 _d957071 |
||